000
00261nam a2200097Ia 4500
001
1047827
005
20250826232243.0
008
250824s9999 xx 000 0 und d
245
0
_a
DOĞU BATI ARASINDA İSLAM
_c
ALİYA İZZETBEGOVİÇ
260
_b
KETEBE YAYINLARI
999
_c
1047827
_d
1047827